00357nam a2200133Ia 4500008004100000041000800041082001400049100001800063245004500081250001400126260004300140300003100183365000900214240624s9999 xx 000 0 und d aeng a659.1 AIT aAITCHISON JIM aCUTTING EDGE ADVERTISING HOW TO CREATE T a(3rd ed.) c2008aSingaporebPearson Prentice Hall axix, : 451 : p. : cm. ; 22 cb28